000 00407nam a2200157Ia 4500
005 20240807062417.0
008 240806s9999||||xx |||||||||||||| ||eng||
041 _aeng
082 _a294.59214
_bTRIS
100 _aHari Shankar Tripathi
245 0 _aShuklayjurvedmadhyandinisamhita /
_cHari Shankar Tripathi
260 _bVedpeeth Prakashan Allahabad
300 _a0
650 _aSanskrit
942 _cBK
999 _c18165
_d18165